000 00463nam a2200181Ia 4500
005 20250508151951.0
008 008 250505s9999 xx 000 0 rus d
037 _aBooks to be hide in OPAC
040 _aFEDL
_beng
_cFEDL
041 _arus
_2eng
084 _a150, RUS/O
_qFEDL
100 _aFortunaov and others
_9760492
245 0 _aPsychology
260 _c1956
300 _a127p.
942 _cHB
_h150, RUS/O
999 _c1333263
_d1333263